Délmagyarország. - 1975. július 17., Csütörtök
Elmentve itt :
| Dokumentumtípus: | Újság |
|---|---|
| Megjelent: |
1975-07-17
|
| Sorozat: | Délmagyarország
65 No. 166 |
| Online Access: | http://dmarchiv.bibl.u-szeged.hu/19634 |
| LEADER | 00494nas a2200145 i 4500 | ||
|---|---|---|---|
| 001 | delm19634 | ||
| 005 | 20200415080836.0 | ||
| 008 | 171215s1975 hu n o 0|| hun d | ||
| 022 | |a 0133-025X | ||
| 040 | |a SZTE Délmagyarország Archívum |b hun | ||
| 041 | |a hun | ||
| 245 | 0 | 0 | |a Délmagyarország. - 1975. július 17., Csütörtök |h [elektronikus dokumentum] |
| 260 | |c 1975-07-17 | ||
| 490 | 0 | |a Délmagyarország |v 65 No. 166 | |
| 856 | 4 | 0 | |u http://dmarchiv.bibl.u-szeged.hu/19634/1/dm_1975_166.pdf |z Dokumentum-elérés |